<?xml version="1.0" encoding="UTF-8"?>
<record
    xmlns:xsi="http://www.w3.org/2001/XMLSchema-instance"
    xsi:schemaLocation="http://www.loc.gov/MARC21/slim http://www.loc.gov/standards/marcxml/schema/MARC21slim.xsd"
    xmlns="http://www.loc.gov/MARC21/slim">

  <leader>00599nam a22001697a 4500</leader>
  <datafield tag="999" ind1=" " ind2=" ">
    <subfield code="c">58140</subfield>
    <subfield code="d">58140</subfield>
  </datafield>
  <controlfield tag="005">20210629104126.0</controlfield>
  <controlfield tag="008">210628s2020    enk||||| |||| 00| 0 eng d</controlfield>
  <datafield tag="041" ind1=" " ind2=" ">
    <subfield code="a">eng</subfield>
  </datafield>
  <datafield tag="080" ind1=" " ind2=" ">
    <subfield code="a">376 Br - 84</subfield>
  </datafield>
  <datafield tag="245" ind1=" " ind2=" ">
    <subfield code="a">Braille Alphabet &amp; Numbers:</subfield>
    <subfield code="b">Braille Alphabet and Number Charts For Kids and Adults.</subfield>
  </datafield>
  <datafield tag="264" ind1=" " ind2=" ">
    <subfield code="b"> Independently published.</subfield>
  </datafield>
  <datafield tag="300" ind1=" " ind2=" ">
    <subfield code="a">103 p.</subfield>
    <subfield code="b">30 cm.</subfield>
  </datafield>
  <datafield tag="653" ind1=" " ind2=" ">
    <subfield code="a">&#x10D1;&#x10E0;&#x10D0;&#x10D8;&#x10DA;&#x10D8;&#x10E1; &#x10E8;&#x10E0;&#x10D8;&#x10E4;&#x10E2;&#x10D8; &#x10D3;&#x10D0; &#x10EA;&#x10D8;&#x10E4;&#x10E0;&#x10D4;&#x10D1;&#x10D8;</subfield>
  </datafield>
  <datafield tag="653" ind1=" " ind2=" ">
    <subfield code="a">&#x10E3;&#x10E1;&#x10D8;&#x10DC;&#x10D0;&#x10D7;&#x10DA;&#x10DD; &#x10E1;&#x10E2;&#x10E3;&#x10D3;&#x10D4;&#x10DC;&#x10E2;&#x10D4;&#x10D1;&#x10D8;</subfield>
  </datafield>
  <datafield tag="653" ind1=" " ind2=" ">
    <subfield code="a">&#x410;&#x43B;&#x444;&#x430;&#x432;&#x438;&#x442; &#x411;&#x440;&#x430;&#x439;&#x43B;&#x44F; &#x438; &#x446;&#x438;&#x444;&#x440;&#x44B;</subfield>
  </datafield>
  <datafield tag="942" ind1=" " ind2=" ">
    <subfield code="2">udc</subfield>
    <subfield code="c">BK</subfield>
  </datafield>
  <datafield tag="952" ind1=" " ind2=" ">
    <subfield code="0">0</subfield>
    <subfield code="1">0</subfield>
    <subfield code="2">udc</subfield>
    <subfield code="4">0</subfield>
    <subfield code="6">376_BR__84</subfield>
    <subfield code="7">0</subfield>
    <subfield code="9">90447</subfield>
    <subfield code="a">CPL</subfield>
    <subfield code="b">CPL</subfield>
    <subfield code="c">GEN</subfield>
    <subfield code="d">2021-06-28</subfield>
    <subfield code="g">120.00</subfield>
    <subfield code="o">376 Br - 84</subfield>
    <subfield code="p">61421</subfield>
    <subfield code="r">2021-06-28</subfield>
    <subfield code="t">61421</subfield>
    <subfield code="w">2021-06-28</subfield>
    <subfield code="y">BK</subfield>
    <subfield code="z">120 &#x10DA;.</subfield>
  </datafield>
</record>
